Easy Italian cookery
| Format: | Book |
|---|---|
| Published: |
London :
Grange Books ,
1986
|
| Series: | Step-by-step cookery series
|
| Subjects: |
MARC
| LEADER | 00000cam a2200000 7i4500 | ||
|---|---|---|---|
| 001 | 0000009202 | ||
| 002 | 000010020 | ||
| 005 | 20000330.0 | ||
| 020 | |a 1856271765 | ||
| 090 | 0 | 0 | |a 641.5 |b EAS |
| 245 | 0 | 0 | |a Easy Italian cookery |
| 260 | |a London : |b Grange Books , |c 1986 | ||
| 300 | |a 160p. : |b ill. ; |c 26cm. | ||
| 490 | 0 | |a Step-by-step cookery series | |
| 650 | 0 | 0 | |a Cookery, Italian |
| 999 | |a 027657 |b BUKU |c PINJAMAN |e PERPUSTAKAAN KOMUNITI PETALING JAYA | ||
| 999 | |a 042129 |b BUKU |c PINJAMAN |e PERPUSTAKAAN KOMUNITI PETALING JAYA | ||